| 000 | 00372nam a2200145Ia 4500 | ||
|---|---|---|---|
| 008 | 210210b1972 xxu||||| |||| 00| 0 eng d | ||
| 082 | _a423.1 ROGR | ||
| 100 | _aROGET (Peter Mark). | ||
| 245 | _aRoget's thesaurus of synonyms & antonyms. | ||
| 260 |
_aU S A _b- _c1972 |
||
| 300 | _axviii,227,ZYM | ||
| 650 | _aRoget's Thesaurus | ||
| 690 | _aThesaurus | ||
| 906 | _a034671 | ||
| 999 |
_c85219 _d85219 |
||